Responses for Show #8653 - Wednesday, June 1, 2022

Ryan Long game 14.

Contestants

[<< previous game]

Meagan Morrow, a real estate manager from Portland, Oregon

Vanessa Williams, an assistant dean from Philadelphia, Pennsylvania

Ryan Long, a rideshare driver from Philadelphia, Pennsylvania (whose 13-day cash winnings total $252,700)

[next game >>]

Jeopardy! Round responses

PICTURE THE NOVEL
U.S. GOVERNMENT HISTORY
IT'S A "SYN"
COFFEE BREAK
BALLPARK FUN
DR. MITTENS, CAT OBSTETRICIAN
    $200 15
The Lion, the Witch and the Wardrobe

Vanessa
    $200 25
Colin Powell

Ryan
    $200 5
synopsis

Vanessa
    $200 17
Hawaii

Ryan
    $200 30
"New York, New York"

Ryan
    $200 16
X-ray

Triple Stumper
    $400 11
Fahrenheit 451

Ryan
    $400 8
(J. Edgar) Hoover

Ryan
    $400 6
a synthesizer

Ryan
    $400 18
milk

Ryan
    $400 19
the (Philadelphia) Phillies

Vanessa
    $400 1
nesting

Ryan
    $600 12
The Bell Jar

Meagan
    $600 24
(Ryan: What is alcohol?)

tariffs

Ryan
Triple Stumper
    $600 7
a syndicate

Meagan
    $600 20
mocha

Vanessa
    $1,000 22
(Mayim: Have faith in yourself. What would you like to wager?)

the Baltimore Orioles

Ryan
    $600 2
weaning

Vanessa
    $800 13
Under the Volcano

Triple Stumper
    $800 27
(Ryan: What are... Tories?)

the Whigs

RyanVanessa
    $800 9
synchronicity

Ryan
    $800 21
the Stamp Act

Ryan
    $800 23
The Natural

Meagan
    $800 3
afterbirth

Triple Stumper
    $1000 14
To the Lighthouse

Vanessa
    $1000 29
the Department of Homeland Security

Meagan
    $1000 10
(Vanessa: What is synthesis?)

synergy

Vanessa
Triple Stumper
    $1000 28
Colombia

Meagan
    $1000 26
Harry Caray

Meagan
    $1000 4
queening

Vanessa

Scores at the first commercial break (after clue 15):

Ryan Vanessa Meagan
$2,400 $2,000 $1,200

Scores at the end of the Jeopardy! Round:

Ryan Vanessa Meagan
$3,800 $3,800 $5,000

Double Jeopardy! Round responses

BODIES OF WATER
POP & ROCK LIFE STORIES
NOBEL PEACE PRIZE WINNERS
9-, 10-, & 11-LETTER WORDS
WHAT A TOOL
LIFE IN THE FAUST LANE
    $400 13
(Meagan: What is the Severn?)
(Ryan: What is the English Channel?)
...
(Mayim: Vanessa? No pressure.)

the Thames

RyanMeagan
Triple Stumper
    $400 18
Rick James

Meagan
    $400 25
(Mayim: Less than a minute.)

Dalai Lama

Meagan
    $400 22
(Ryan: What is... uh, calculation?)

subtraction

RyanVanessa
    $400 23
peen

Meagan
    $400 5
(Mayim: You ran that category, congratulations.)
[Applause]

Georgia

Ryan
    $3,000 10
the Indian Ocean

Meagan
    $800 17
Chrissie Hynde

Meagan
    $800 19
Doctors Without Borders

Meagan
    $800 6
a mainframe

Triple Stumper
    $800 30
a rake

Ryan
    $800 1
[Ryan selected the first clue as having given the last correct response.]

Helen of Troy

Ryan
    $1200 9
(Ryan: What is Lake Superior?)

Lake Huron

Ryan
Triple Stumper
    $1200 14
Ronnie Spector

Meagan
    $1200 20
landmines

Ryan
    $1200 7
belligerent

Triple Stumper
    $1200 24
lockpicks

Triple Stumper
    $1200 2
a bass

Ryan
    $1600 11
the Rio Grande

Triple Stumper
    $1600 16
Davy Jones

Ryan
    $1600 26
Tunisia

Meagan
    $1600 8
a paparazzi

Meagan
    $1600 28
a chisel

Ryan
    $2,000 3
(Christopher) Marlowe

Ryan
    $2000 12
(Vanessa: What is Lake Victoria?)
(Ryan: What is Tanganyika?)

Lake Malawi

RyanVanessaMeagan
    $2000 15
James Hetfield

Ryan
    $2000 27
Dag Hammarskjöld

Triple Stumper
    $2000 21
kibbitzing

Triple Stumper
    $2000 29
an adze

Ryan
    $2000 4
Wagner

Ryan

Scores at the end of the Double Jeopardy! Round:

Ryan Vanessa Meagan
$15,400 $2,200 $16,800

[wagering suggestions for these scores]

Final Jeopardy! Round responses

THE EARLY 19th CENTURY
VanessaWhat is Waterloo?
$2,200
RyanWhat is Waterloo?
$8,000
MeaganWhat What is Waterloo?
$10,000
the Battle of Trafalgar

Final scores:

Ryan Vanessa Meagan
$7,400 $0 $6,800
14-day champion: $260,100 3rd place: $1,000 2nd place: $2,000

Game dynamics:

Coryat scores:

Ryan Vanessa Meagan
$14,600 $2,200 $14,600
22 R
(including 2 DDs),
6 W
9 R,
2 W
16 R
(including 1 DD),
1 W

Combined Coryat: $31,400

[game clues] [game scores] [suggest correction]

Game tape date: 2022-04-01
The J! Archive is created by fans, for fans. Scraping, republication, monetization, and malicious use prohibited; this site may use cookies and collect identifying information. See terms. The Jeopardy! game show and all elements thereof, including but not limited to copyright and trademark thereto, are the property of Jeopardy Productions, Inc. and are protected under law. This website is not affiliated with, sponsored by, or operated by Jeopardy Productions, Inc. Join the discussion at JBoard.tv.